| 000 | 00963nas a2200313 4500 | ||
|---|---|---|---|
| 001 | BR2014007224 | ||
| 003 | BR-BrBNA | ||
| 005 | 20231205124728.0 | ||
| 007 | ta | ||
| 008 | 230509b bl.|||p| |||| 00| 00por d | ||
| 040 |
_aBR-BrBNA _bpor _cBiblioteca Nacional de Agricultura |
||
| 041 | _a(Pt) | ||
| 072 | _aF62 | ||
| 100 | 1 | _aSchneider, P.R. | |
| 100 | 1 | _aElesbão, L.E.G. | |
| 100 | 1 | _aSchneider, P.S.P. | |
| 100 | 1 | _aLonghi, R.V. | |
| 245 | 1 | _aCrescimento em diâmetro de Pinus elliottii e Pinus taeda em áreas arenizadas e degradadas no Oeste do Rio Grande do Sul | |
| 650 | _aPINUS ELLIOTTII | ||
| 650 | _aPINUS TAEDA | ||
| 650 | _aPINHEIRO | ||
| 650 | _aCRESCIMENTO | ||
| 650 | _aDIÂMETRO | ||
| 650 | _aDETERIORAÇÃO DO SOLO | ||
| 650 | _aRIO GRANDE DO SUL | ||
| 773 | 0 |
_tCiência Rural (Brazil) _xISSN 0103-8478 _g(Sep 2014), v. 44(9) p. 1561-1567 _wBR2014007224 |
|
| 909 |
_a202311 _bLúcia _c55 _dLúcia Elande |
||
| 942 |
_2AGRIS _n0 _cANA |
||
| 999 |
_c240596 _d240596 |
||